000 00552nam a22001697a 4500
003 NUST
038 _aNusrat Nadeem
082 _a200
100 _aZahoor, Musharaf
_9124244
245 _aImpact of International Media Coverage on Palestine-Israel Conflict/
_cMusharaf Zahoor
264 _aIslamabad;
_bCIPS NUST;
_c2022.
300 _a203,p;
_bill;
_c30,cm.
650 _aPhD-Peace and Conflict Studies
_9123173
700 _aSupervisor: Dr. Najma Sadiq
_9120077
856 _u http://10.250.8.41:8080/xmlui/handle/123456789/34205
942 _2ddc
_cSC
999 _c610158
_d610158